[Event "32nd ECC Open 2016"]
[Site "Novi Sad SRB"]
[Date "2016.11.11"]
[Round "6.24"]
[Board "2"]
[White "Pohjala, Henri"]
[Black "Drzasga, Michael"]
[Result "1-0"]
[WhiteTitle "FM"]
[WhiteElo "2377"]
[BlackElo "2058"]
[WhiteTeam "Tammer-Shakki"]
[BlackTeam "De Sprenger Echternach"]
[WhiteFideId "506478"]
[BlackFideId "4623568"]
[EventDate "2016.11.06"]

1. d4 e6 2. Nf3 c5 3. e3 d5 4. c4 Nc6 5. Nc3 Nf6 6. cxd5 exd5 7. Bb5 cxd4 8.
Nxd4 Bd7 9. O-O Nxd4 10. Qxd4 Bxb5 11. Nxb5 Be7 12. b3 O-O 13. Bb2 Qa5 14. Qd3
a6 15. Nd4 Ba3 16. b4 Bxb4 17. Nf5 Qb5 18. Qd4 Bc5 19. Nh6+ Kh8 20. Qxf6 d4 21.
Bxd4 Bxd4 22. Qxd4 f6 23. Rab1 Qg5 24. Ng4 h5 25. Nxf6 Rxf6 26. Rxb7 Raf8 27.
Rd7 Qa5 28. Qd2 Qg5 29. Rd5 Qh4 30. f3 Rc6 31. Rc1 Rcf6 32. Qd4 1-0

[Event "32nd ECC Open 2016"]
[Site "Novi Sad SRB"]
[Date "2016.11.11"]
[Round "6.24"]
[Board "3"]
[White "Sparwel, Oliver"]
[Black "Ahvenjarvi, Jani"]
[Result "1/2-1/2"]
[BlackTitle "FM"]
[WhiteElo "2026"]
[BlackElo "2333"]
[WhiteTeam "De Sprenger Echternach"]
[BlackTeam "Tammer-Shakki"]
[WhiteFideId "4002660"]
[BlackFideId "507571"]
[EventDate "2016.11.06"]

1. d4 Nf6 2. c4 e6 3. Nf3 d5 4. Nc3 Be7 5. e3 O-O 6. b3 b6 7. Be2 Bb7 8. O-O a6
9. Bb2 Bd6 10. Rc1 Qe7 11. Na4 Nbd7 12. Qc2 c5 13. cxd5 exd5 14. Nxb6 Nxb6 15.
dxc5 Rfc8 16. b4 Bb8 17. Qf5 Nbd7 18. Nd4 Bc6 19. Bf3 Be5 20. Rfd1 h6 21. Nxc6
Rxc6 22. Bxe5 Qxe5 23. Qxe5 Nxe5 24. Bxd5 Nxd5 25. Rxd5 f6 26. a4 Rb8 27. Rb1
Nc4 28. Kf1 Kf7 29. Ke2 Ke6 30. e4 g5 31. f3 Ne5 32. Ke3 Nc4+ 33. Kd4 Ne5 34.
Rb3 Ke7 35. Kc3 Nd7 36. Kd4 Ne5 37. Rb2 Rb7 38. Kc3 Nd7 39. Kd4 Ne5 40. Kc3 Nd7
41. Kd4 Ne5 1/2-1/2

[Event "32nd ECC Open 2016"]
[Site "Novi Sad SRB"]
[Date "2016.11.11"]
[Round "6.24"]
[Board "4"]
[White "Kytoniemi, Jyrki"]
[Black "Wambach, Patrick"]
[Result "1/2-1/2"]
[WhiteTitle "FM"]
[WhiteElo "2218"]
[BlackElo "1952"]
[WhiteTeam "Tammer-Shakki"]
[BlackTeam "De Sprenger Echternach"]
[WhiteFideId "501425"]
[BlackFideId "4002059"]
[EventDate "2016.11.06"]

1. b3 Nf6 2. Bb2 g6 3. Bxf6 exf6 4. d4 Bg7 5. e3 d5 6. Ne2 O-O 7. g3 Bg4 8. Bg2
Bxe2 9. Qxe2 c6 10. O-O f5 11. c4 Re8 12. Qd3 Na6 13. cxd5 Nb4 14. Qc4 Nxd5 15.
Bxd5 cxd5 16. Qd3 Rc8 17. Nc3 Re7 18. Rac1 Rec7 19. Ne2 Qd7 20. Rxc7 Rxc7 21.
Rc1 Rxc1+ 22. Nxc1 Bf8 23. Ne2 Bb4 24. Nf4 Qc6 25. Kg2 Bd6 26. Ne2 Bb4 27. Qd1
Kg7 28. Nf4 Bd6 29. Nd3 Qc3 30. Qe2 a6 31. Nb2 b5 32. Nd3 Kf6 33. Ne1 h6 34. h4
h5 35. Nf3 Ke7 36. Ng5 f6 37. Nf3 Bb4 38. Ng1 Bd6 39. Nh3 Qc6 40. Qd2 b4 41. Qd3
a5 42. Qd1 Qc3 43. Qe2 Qc6 44. Qd1 Qc3 45. Ng1 Qb2 46. Qe2 Qxe2 47. Nxe2 Kd7 48.
Nc1 Kc6 49. Nd3 Kb5 50. Kf3 g5 51. Kg2 Kc6 52. hxg5 fxg5 53. f4 g4 54. Ne1 Be7
55. Nd3 Kd7 56. Ne5+ Kd6 57. Nd3 Kd7 58. Nb2 Kc6 59. Nd1 Kd6 60. Nf2 Ke6 61. Nd3
Kd7 1/2-1/2

[Event "32nd ECC Open 2016"]
[Site "Novi Sad SRB"]
[Date "2016.11.11"]
[Round "6.24"]
[Board "5"]
[White "Densing, Gerd"]
[Black "Torkkola, Henri"]
[Result "0-1"]
[WhiteElo "1806"]
[BlackElo "2223"]
[WhiteTeam "De Sprenger Echternach"]
[BlackTeam "Tammer-Shakki"]
[WhiteFideId "24621013"]
[BlackFideId "507660"]
[EventDate "2016.11.06"]

1. d4 g6 2. Nf3 Bg7 3. Nc3 d6 4. e4 a6 5. Be3 Nf6 6. Bd3 b5 7. Qd2 O-O 8. Bh6
Nc6 9. Bxg7 Kxg7 10. a3 e5 11. d5 Na5 12. Ne2 c6 13. dxc6 Nxc6 14. Ng3 Bg4 15.
Ng5 Rc8 16. f3 Bd7 17. h4 h6 18. Nh3 Nd4 19. Ne2 Nxe2 20. Bxe2 Nh5 21. Nf2 Ng3
22. Rh2 Be6 23. Ng4 Bxg4 24. fxg4 Nxe4 25. Qd3 Qb6 26. Qxe4 Qg1+ 27. Bf1 Qxh2
28. O-O-O Qxh4 29. Rxd6 Qe7 30. Rxa6 Rfd8 31. Bd3 Rc7 32. Kb1 Rd4 33. Qe3 b4 34.
axb4 Rxb4 35. Be4 Rd4 36. c3 Rd1+ 37. Kc2 Rcd7 38. Bf3 R1d6 39. Ra1 f5 40. gxf5
gxf5 41. g4 Rd3 42. Qb6 Rxf3 43. Ra6 Qg5 44. gxf5 Rxf5 45. Ra1 Qg2+ 0-1

[Event "32nd ECC Open 2016"]
[Site "Novi Sad SRB"]
[Date "2016.11.11"]
[Round "6.24"]
[Board "6"]
[White "Nieminen, Samuli"]
[Black "Loo, Bernd"]
[Result "1-0"]
[WhiteElo "2161"]
[BlackElo "1852"]
[WhiteTeam "Tammer-Shakki"]
[BlackTeam "De Sprenger Echternach"]
[WhiteFideId "504955"]
[BlackFideId "263303"]
[EventDate "2016.11.06"]

1. d4 d5 2. Nf3 c6 3. c4 e6 4. Bg5 Be7 5. Bxe7 Qxe7 6. e3 f5 7. Qc2 Nf6 8. Nc3
O-O 9. Bd3 a6 10. O-O b5 11. b3 Nbd7 12. a4 b4 13. Ne2 Bb7 14. a5 c5 15. cxd5
Bxd5 16. Nd2 cxd4 17. exd4 Rfc8 18. Nc4 Ne4 19. f3 Nd6 20. Rfe1 Qg5 21. Qd2 Qxd2
22. Nxd2 Nb5 23. Nc4 Rc6 24. Ra4 g6 25. Rxb4 e5 26. Ne3 Nc3 27. Nxd5 Nxd5 28.
Bc4 Rxc4 29. Rxc4 Rb8 30. Nc3 Nxc3 31. Rxc3 exd4 32. Rd3 Rb4 33. Red1 Nc5 34.
Rxd4 Rxd4 35. Rxd4 Nxb3 36. Ra4 Kf7 37. Ra3 Nd4 38. Rd3 Nc6 39. Rd7+ Ke6 40.
Rxh7 Nxa5 41. Ra7 Kd5 42. Rxa6 Nc6 43. Kf2 g5 44. Rxc6 Kxc6 45. f4 g4 46. Ke3
Kc5 47. h3 gxh3 48. gxh3 Kd5 49. Kd3 1-0

[Event "32nd ECC Open 2016"]
[Site "Novi Sad SRB"]
[Date "2016.11.11"]
[Round "6.25"]
[Board "1"]
[White "Klein, David"]
[Black "Feygin, Michael"]
[Result "0-1"]
[WhiteTitle "GM"]
[BlackTitle "GM"]
[WhiteElo "2513"]
[BlackElo "2473"]
[WhiteTeam "Kennemer Combinatie"]
[BlackTeam "KSK Rochade Eupen-Kelmis"]
[WhiteFideId "1003623"]
[BlackFideId "14103109"]
[EventDate "2016.11.06"]

1. d4 Nf6 2. Nf3 e6 3. g3 c5 4. Bg2 cxd4 5. Nxd4 Nc6 6. O-O Bc5 7. Nb3 Be7 8. e4
O-O 9. Nc3 a6 10. f4 d6 11. Kh1 Qc7 12. g4 Nd7 13. g5 Re8 14. Be3 Bf8 15. Qd2 b5
16. Qf2 b4 17. Ne2 Bb7 18. Ng3 Rac8 19. Rad1 a5 20. Nc1 Ne7 21. Rd2 d5 22. f5
dxe4 23. fxe6 fxe6 24. Nxe4 Nf5 25. Nd3 Ne5 26. Bf4 Nxd3 27. cxd3 Qd7 28. Bg3
Be7 29. Qb6 Bd5 30. b3 Rf8 31. Qg1 Rc6 32. Rdf2 Rfc8 33. Be5 Rc2 34. g6 hxg6 35.
Bf3 Qe8 36. Bd1 Rxf2 37. Qxf2 Qb5 38. Bf3 Qxd3 39. Re1 Bh4 40. Qe2 Qc2 41. Qxc2
Rxc2 42. Rf1 Ne3 43. Rg1 Rf2 44. Rxg6 Rxf3 45. Rxg7+ Kf8 46. h3 Bxe4 47. a4 Rg3+
48. Kh2 Nf1# 0-1

[Event "32nd ECC Open 2016"]
[Site "Novi Sad SRB"]
[Date "2016.11.11"]
[Round "6.25"]
[Board "2"]
[White "Coenen, Michael"]
[Black "Admiraal, Miguoel"]
[Result "1/2-1/2"]
[BlackTitle "IM"]
[WhiteElo "2393"]
[BlackElo "2448"]
[WhiteTeam "KSK Rochade Eupen-Kelmis"]
[BlackTeam "Kennemer Combinatie"]
[WhiteFideId "4697367"]
[BlackFideId "1019716"]
[EventDate "2016.11.06"]

1. d4 Nf6 2. c4 e6 3. Nc3 d5 4. Nf3 c5 5. cxd5 Nxd5 6. e4 Nxc3 7. bxc3 cxd4 8.
cxd4 Bb4+ 9. Bd2 Bxd2+ 10. Qxd2 O-O 11. Bc4 Nd7 12. O-O b6 13. d5 Nc5 14. Rfe1
exd5 15. Bxd5 Bb7 16. Rad1 Qf6 17. Qd4 Qxd4 18. Nxd4 Rfd8 19. Bxb7 Nxb7 20. Nc6
Rxd1 21. Rxd1 Nc5 22. f3 Kf8 23. Rd2 a5 24. Kf2 Rc8 25. Na7 Rc7 26. Nb5 Rc8 27.
Na7 Rc7 28. Nb5 Rc8 29. Na7 1/2-1/2

[Event "32nd ECC Open 2016"]
[Site "Novi Sad SRB"]
[Date "2016.11.11"]
[Round "6.25"]
[Board "3"]
[White "Ducarmon, Quinten"]
[Black "Klein, Felix"]
[Result "1-0"]
[WhiteTitle "IM"]
[BlackTitle "FM"]
[WhiteElo "2457"]
[BlackElo "2321"]
[WhiteTeam "Kennemer Combinatie"]
[BlackTeam "KSK Rochade Eupen-Kelmis"]
[WhiteFideId "1025007"]
[BlackFideId "24600458"]
[EventDate "2016.11.06"]

1. e4 e5 2. Nf3 Nc6 3. d4 exd4 4. Nxd4 Bb4+ 5. c3 Bc5 6. Nxc6 bxc6 7. Bd3 Qh4 8.
Qf3 Nf6 9. Bf4 d5 10. Nd2 Bg4 11. Qg3 Qxg3 12. Bxg3 O-O-O 13. O-O Rhe8 14. h3
Bh5 15. e5 Nd7 16. Nb3 Kb7 17. Rfe1 Bg6 18. Bxg6 hxg6 19. Na5+ Kb6 20. b4 Bf8
21. f4 c5 22. Bf2 c6 23. Nb3 Kc7 24. bxc5 Rb8 25. Rac1 a5 26. c4 a4 27. Nd4 dxc4
28. Rxc4 Rb2 29. Rxa4 Bxc5 30. Rc1 g5 31. Rac4 gxf4 32. Rxc5 Nxc5 33. Rxc5 Rxa2
34. Rxc6+ Kd7 35. Rd6+ Ke7 36. Bh4+ Kf8 37. e6 fxe6 38. Nxe6+ Kg8 39. Nxf4 Re4
40. Bg3 Rc4 41. Kh2 Kh7 42. h4 Rcc2 43. Kh3 Kg8 44. Rd7 Rc8 45. Nd5 Re8 46. Bf4
Ree2 47. g3 Ra5 48. Kg4 Kf8 49. Ne3 Ra6 50. h5 Rea2 51. Be5 R2a4+ 52. Kf5 R4a5
53. Nc4 Rc5 54. Nd6 Raa5 55. Rf7+ Kg8 56. Rxg7+ Kf8 57. Rf7+ Kg8 58. Re7 1-0

[Event "32nd ECC Open 2016"]
[Site "Novi Sad SRB"]
[Date "2016.11.11"]
[Round "6.25"]
[Board "4"]
[White "Meessen, Rudolf"]
[Black "Duijn, Rob"]
[Result "1-0"]
[WhiteTitle "FM"]
[WhiteElo "2297"]
[BlackElo "2218"]
[WhiteTeam "KSK Rochade Eupen-Kelmis"]
[BlackTeam "Kennemer Combinatie"]
[WhiteFideId "202029"]
[BlackFideId "1014501"]
[EventDate "2016.11.06"]

1. d4 d5 2. Nc3 Nf6 3. Bf4 c5 4. e3 cxd4 5. exd4 Bg4 6. f3 Bd7 7. Bd3 Qb6 8.
Nge2 e6 9. Qd2 a6 10. O-O-O Nc6 11. g4 Nxd4 12. Nxd4 Qxd4 13. g5 Nh5 14. Be3 Qb4
15. Be2 g6 16. Bd4 Rg8 17. f4 Ng7 18. a3 Qa5 19. Kb1 O-O-O 20. Bg4 Bc6 21. Qe3
Rd7 22. Rhe1 Qc7 23. Bb6 Qb8 24. Qh3 Nh5 25. Bxh5 gxh5 26. Rxe6 Bd6 27. Rf6 Be7
28. Nxd5 Bd8 29. Ne7+ Bxe7 30. Rxc6+ 1-0

[Event "32nd ECC Open 2016"]
[Site "Novi Sad SRB"]
[Date "2016.11.11"]
[Round "6.25"]
[Board "5"]
[White "In t Veld, Daan"]
[Black "Ahn, Martin"]
[Result "1-0"]
[BlackTitle "FM"]
[WhiteElo "2218"]
[BlackElo "2236"]
[WhiteTeam "Kennemer Combinatie"]
[BlackTeam "KSK Rochade Eupen-Kelmis"]
[WhiteFideId "1016270"]
[BlackFideId "200972"]
[EventDate "2016.11.06"]

1. e4 g6 2. d4 Bg7 3. Nf3 d6 4. Bd3 e5 5. dxe5 dxe5 6. Bd2 Nc6 7. O-O Nf6 8. Bc3
Nh5 9. Bb5 Qe7 10. Bxc6+ bxc6 11. Qd2 Nf4 12. Bb4 c5 13. Ba3 O-O 14. Qe3 Qe6 15.
Nbd2 Rd8 16. Rfd1 Qg4 17. Ne1 Bh6 18. Qxc5 Ba6 19. Ndf3 Rxd1 20. Rxd1 Nxg2 21.
h3 Qxe4 22. Qe7 c5 23. Bxc5 Bf8 24. Rd8 Rxd8 25. Qxd8 1-0

[Event "32nd ECC Open 2016"]
[Site "Novi Sad SRB"]
[Date "2016.11.11"]
[Round "6.25"]
[Board "6"]
[White "Coenen, Norbert"]
[Black "Duijn, Richard"]
[Result "1/2-1/2"]
[WhiteTitle "IM"]
[BlackTitle "FM"]
[WhiteElo "2304"]
[BlackElo "2203"]
[WhiteTeam "KSK Rochade Eupen-Kelmis"]
[BlackTeam "Kennemer Combinatie"]
[WhiteFideId "4619455"]
[BlackFideId "1003771"]
[EventDate "2016.11.06"]

1. e4 c5 2. Nf3 Nc6 3. Bb5 g6 4. Bxc6 bxc6 5. O-O d6 6. c3 Bg7 7. Re1 Bg4 8. h3
Bxf3 9. Qxf3 e5 10. d3 Rb8 11. Qd1 Nf6 12. Nd2 O-O 13. Nc4 Nh5 14. a3 Nf4 15. d4
cxd4 16. cxd4 Ne6 17. dxe5 dxe5 18. Qxd8 Rfxd8 19. Be3 Nd4 20. Rac1 c5 21. Kf1
Rb3 22. Red1 f5 23. exf5 gxf5 24. Bg5 Rd7 25. Rc3 Rbb7 26. Bc1 e4 27. Rg3 Kf7
28. Bf4 Ke6 29. h4 Kd5 30. Rc3 Ke6 31. Rg3 Kd5 32. Rc3 Ke6 33. h5 Bf6 34. h6 Nc6
35. Rxd7 Rxd7 36. Rc1 Rd3 37. Ke1 Rb3 38. Rd1 Bd4 39. Rd2 Kd5 40. Rc2 Bc3+ 41.
Nd2 Bxd2+ 42. Rxd2+ Nd4 43. Kf1 a5 44. Bg5 a4 45. Bf4 Kc4 46. Bd6 Rb6 47. Bf8 f4
48. Ke1 e3 49. fxe3 fxe3 50. Rd1 Rf6 51. Rc1+ Kd3 52. Rc3+ Ke4 53. Bxc5 Rxh6 54.
Bxd4 Kxd4 55. Ke2 Rg6 56. Rd3+ Kc4 57. Rc3+ 1/2-1/2

[Event "32nd ECC Open 2016"]
[Site "Novi Sad SRB"]
[Date "2016.11.11"]
[Round "6.26"]
[Board "1"]
[White "Zeidler, Sven P."]
[Black "Van Foreest, Jorden"]
[Result "0-1"]
[WhiteTitle "FM"]
[BlackTitle "GM"]
[WhiteElo "2185"]
[BlackElo "2614"]
[WhiteTeam "Abergavenny"]
[BlackTeam "JSV SISSA"]
[WhiteFideId "1800604"]
[BlackFideId "1039784"]
[EventDate "2016.11.06"]

1. e4 Nf6 2. Nc3 e5 3. Nf3 Nc6 4. Be2 Bb4 5. Nd5 Ba5 6. Nxf6+ Qxf6 7. O-O d6 8.
c3 Bb6 9. d3 h6 10. Nd2 Be6 11. Bg4 O-O 12. Bxe6 Qxe6 13. Nc4 f5 14. Be3 fxe4
15. Nxb6 axb6 16. dxe4 Rxa2 17. Rxa2 Qxa2 18. Qg4 Kh7 19. h4 Qf7 20. g3 Qf3 21.
Qxf3 Rxf3 22. b4 b5 23. Rc1 Kg6 24. Kf1 Rf7 25. Ke2 Kf6 26. g4 Ke6 27. Rd1 Ne7
28. Ra1 d5 29. Ra7 d4 30. Bd2 Nc8 31. Ra8 Nd6 32. f3 d3+ 0-1

[Event "32nd ECC Open 2016"]
[Site "Novi Sad SRB"]
[Date "2016.11.11"]
[Round "6.26"]
[Board "2"]
[White "Van Foreest, Lucas"]
[Black "Morris, Charles F"]
[Result "1-0"]
[WhiteElo "2384"]
[BlackElo "2132"]
[WhiteTeam "JSV SISSA"]
[BlackTeam "Abergavenny"]
[WhiteFideId "1039792"]
[BlackFideId "1800140"]
[EventDate "2016.11.06"]

1. e4 e6 2. d4 d5 3. exd5 exd5 4. Bf4 Bd6 5. Qd2 Bf5 6. Bxd6 Qxd6 7. Nc3 Nc6 8.
O-O-O O-O-O 9. Kb1 Nge7 10. Bb5 Qg6 11. g3 a6 12. Ba4 Na5 13. Bb3 Nxb3 14. axb3
Nc6 15. Nge2 Nb4 16. Rc1 Qb6 17. Na4 Qa5 18. f3 Rd6 19. g4 Bg6 20. Nec3 Re8 21.
Rhe1 Rxe1 22. Qxe1 Re6 23. Qd2 b5 24. Nc5 Re7 25. f4 Be4 26. f5 h6 27. f6 gxf6
28. Qxh6 Re8 29. N5xe4 dxe4 30. Qxf6 Re6 31. Qxf7 Rc6 32. Qe8+ Kb7 33. Qxe4 Ka7
34. Re1 Rxc3 35. bxc3 Na2 36. Qe5 Nxc3+ 37. Kb2 Nd5 38. Qxd5 Qxe1 39. Qc6 Qe7
40. Qc5+ 1-0

[Event "32nd ECC Open 2016"]
[Site "Novi Sad SRB"]
[Date "2016.11.11"]
[Round "6.26"]
[Board "3"]
[White "Powell, Lloyd"]
[Black "Lambrechts, Koen"]
[Result "0-1"]
[WhiteElo "2072"]
[BlackElo "2284"]
[WhiteTeam "Abergavenny"]
[BlackTeam "JSV SISSA"]
[WhiteFideId "1801406"]
[BlackFideId "1027123"]
[EventDate "2016.11.06"]

1. d4 e6 2. c4 b6 3. Nf3 Bb7 4. g3 f5 5. Bg2 Nf6 6. O-O Be7 7. d5 Ne4 8. Nc3
Nxc3 9. bxc3 Qc8 10. e4 O-O 11. Qe2 fxe4 12. Qxe4 Na6 13. Nd4 Bf6 14. Qg4 e5 15.
Nf5 d6 16. Bh3 Qe8 17. Bg5 g6 18. Bxf6 Rxf6 19. Qg5 Qd8 20. Nh6+ Kg7 21. Be6
Rxe6 22. Nf5+ Kh8 23. Qh6 Qf8 24. Qxf8+ Rxf8 25. dxe6 gxf5 26. f4 e4 27. g4 Kg7
28. Rae1 Kf6 29. gxf5 Kxf5 30. Re3 Kxe6 31. Rh3 Rf7 32. Rh6+ Kf5 33. Rh5+ Kg6
34. Rg5+ Kf6 35. Kf2 Nc5 36. Ke3 Ne6 37. Rh5 Ng7 0-1

[Event "32nd ECC Open 2016"]
[Site "Novi Sad SRB"]
[Date "2016.11.11"]
[Round "6.26"]
[Board "4"]
[White "Hummel, Erik-Jan"]
[Black "Spencer, Douglas"]
[Result "1-0"]
[WhiteTitle "FM"]
[WhiteElo "2280"]
[BlackElo "1961"]
[WhiteTeam "JSV SISSA"]
[BlackTeam "Abergavenny"]
[WhiteFideId "1009028"]
[BlackFideId "1801082"]
[EventDate "2016.11.06"]

1. d4 d5 2. c4 e6 3. Nf3 c6 4. g3 Nf6 5. Bg2 Bb4+ 6. Bd2 Be7 7. O-O O-O 8. Qc2
Nbd7 9. Bf4 Ne4 10. Nbd2 f5 11. Ne5 Nxe5 12. Bxe5 Nxd2 13. Qxd2 Bd6 14. Bxd6
Qxd6 15. e3 dxc4 16. Qc3 Rf7 17. Qxc4 g6 18. f4 Rc7 19. Rfc1 Bd7 20. b4 Rcc8 21.
a4 a6 22. Rab1 Kg7 23. Qa2 b6 24. a5 b5 25. Rc5 h6 26. Rbc1 Be8 27. Qb2 Kh7 28.
Qc3 h5 29. Kf2 Bd7 30. e4 Be8 31. d5 exd5 32. exd5 Bf7 33. Qe5 Rd8 34. Qxd6 Rxd6
35. Rxc6 Rxc6 36. Rxc6 Rd8 37. d6 Kg7 38. Ke3 Kf6 39. Kd4 1-0

[Event "32nd ECC Open 2016"]
[Site "Novi Sad SRB"]
[Date "2016.11.11"]
[Round "6.26"]
[Board "5"]
[White "Waterfield, John W"]
[Black "Ten Vergert, Paul"]
[Result "0-1"]
[BlackTitle "CM"]
[WhiteElo "1986"]
[BlackElo "2210"]
[WhiteTeam "Abergavenny"]
[BlackTeam "JSV SISSA"]
[WhiteFideId "407143"]
[BlackFideId "1021249"]
[EventDate "2016.11.06"]

1. e4 c5 2. Nf3 Nc6 3. Nc3 Nf6 4. Bb5 g6 5. e5 Ng4 6. Bxc6 dxc6 7. h3 Nh6 8. g4
Bg7 9. d3 f5 10. exf6 exf6 11. Be3 Qe7 12. Qd2 Nf7 13. O-O-O Be6 14. Ne4 b6 15.
Qc3 O-O-O 16. g5 Nxg5 17. Nfxg5 fxg5 18. Bxg5 Qf8 19. Qa3 Rd7 20. Kb1 Kb7 21.
Be3 Bd4 22. c3 Bxe3 23. fxe3 c4 24. Qxf8 Rxf8 25. Ng5 Re8 26. dxc4 Rxd1+ 27.
Rxd1 Bxc4 28. Rd7+ Ka6 29. Rxh7 Rxe3 30. h4 Re1+ 31. Kc2 Re2+ 32. Kc1 Re1+ 33.
Kc2 Re2+ 34. Kc1 Bxa2 35. Rg7 Bb3 36. Rxg6 Rc2+ 37. Kd1 Rh2+ 38. Kc1 Rc2+ 39.
Kd1 Rh2+ 40. Kc1 Rxh4 41. Nf3 Rh1+ 42. Rg1 Rh3 43. Nd2 Bd5 44. Kc2 b5 45. Rf1
Kb6 46. b4 a5 47. bxa5+ Kxa5 48. Nb3+ Kb6 49. Rf2 b4 50. Nd2 Rxc3+ 51. Kb2 0-1

[Event "32nd ECC Open 2016"]
[Site "Novi Sad SRB"]
[Date "2016.11.11"]
[Round "6.26"]
[Board "6"]
[White "Dijkstra, Arjan"]
[Black "Miles, Richard"]
[Result "1-0"]
[WhiteElo "2105"]
[BlackElo "2000"]
[WhiteTeam "JSV SISSA"]
[BlackTeam "Abergavenny"]
[WhiteFideId "1021389"]
[BlackFideId "1801139"]
[EventDate "2016.11.06"]

1. e4 c5 2. Nf3 Nc6 3. d4 cxd4 4. Nxd4 g6 5. Nc3 Bg7 6. Be3 Nf6 7. Bc4 O-O 8.
Bb3 a5 9. O-O a4 10. Nxa4 Nxe4 11. Nb5 Ra6 12. c4 d6 13. Bc2 Nf6 14. Re1 Be6 15.
Qe2 Ng4 16. Bg5 Nge5 17. b3 Nb4 18. Rad1 Nxc2 19. Qxc2 h6 20. Bc1 Bf5 21. Qe2
Bg4 22. f3 Bd7 23. Bb2 b6 24. Nac3 Re8 25. a4 Bxb5 26. Nxb5 Ra8 27. Nc3 Nc6 28.
Nd5 Ra7 29. Bxg7 Kxg7 30. Qb2+ Kg8 31. Re4 e5 32. Qf2 Rb7 33. Re2 Re6 34. f4 Nd4
35. Ree1 Kg7 36. fxe5 dxe5 37. Rxd4 exd4 38. Qxd4+ Rf6 39. Rf1 Rd7 40. Qxf6+
Qxf6 41. Rxf6 Rxd5 42. Rxb6 1-0

[Event "32nd ECC Open 2016"]
[Site "Novi Sad SRB"]
[Date "2016.11.11"]
[Round "6.27"]
[Board "1"]
[White "Percin, Onder"]
[Black "Svane, Rasmus"]
[Result "0-1"]
[BlackTitle "GM"]
[WhiteElo "1972"]
[BlackElo "2546"]
[WhiteTeam "Hatay Metropolitan"]
[BlackTeam "Nordea Skanderborg"]
[WhiteFideId "6345190"]
[BlackFideId "4657101"]
[EventDate "2016.11.06"]

1. e4 e6 2. Qe2 c5 3. g3 Nc6 4. Nf3 g6 5. Bg2 Bg7 6. O-O Nge7 7. d3 O-O 8. Re1
d6 9. c3 b6 10. Nbd2 Ba6 11. Nf1 Qd7 12. h4 Ne5 13. Rd1 Nxf3+ 14. Bxf3 Nc6 15.
Bf4 Rae8 16. Bg2 e5 17. Bc1 Bb7 18. Ne3 Ne7 19. c4 f5 20. Nd5 f4 21. Bd2 Bc8 22.
f3 Nxd5 23. cxd5 Qe7 24. Qf2 Bf6 25. Be1 h5 26. Kh2 Kh7 27. Bh3 Bxh3 28. Kxh3 g5
29. hxg5 Bxg5 30. g4 hxg4+ 31. fxg4 Kg6 32. Qf3 Qh7+ 33. Kg2 Rh8 34. Bf2 Qh2+
35. Kf1 Rh3 36. Qg2 f3 37. Qg1 Reh8 38. a4 Qf4 0-1

[Event "32nd ECC Open 2016"]
[Site "Novi Sad SRB"]
[Date "2016.11.11"]
[Round "6.27"]
[Board "2"]
[White "Semcesen, Daniel"]
[Black "Percin, Baris"]
[Result "1-0"]
[WhiteTitle "GM"]
[WhiteElo "2469"]
[BlackElo "1877"]
[WhiteTeam "Nordea Skanderborg"]
[BlackTeam "Hatay Metropolitan"]
[WhiteFideId "1706993"]
[BlackFideId "6345174"]
[EventDate "2016.11.06"]

1. d4 Nf6 2. c4 e6 3. Nf3 Bb4+ 4. Nbd2 O-O 5. a3 Be7 6. e4 d5 7. e5 Ne4 8. Qc2
Nxd2 9. Bxd2 f5 10. exf6 Bxf6 11. Bd3 h6 12. O-O Nc6 13. Bc3 dxc4 14. Bxc4 Ne7
15. Qe4 Nd5 16. Bd3 Ne7 17. Bb4 Qd5 18. Qh7+ Kf7 19. Rac1 c6 20. Rc5 Qd8 21.
Ne5+ Bxe5 22. Rxe5 Qxd4 23. Re3 Qg4 24. Rg3 Qh4 25. Rxg7+ Ke8 26. Rxe7+ Kd8 27.
Bd6 1-0

[Event "32nd ECC Open 2016"]
[Site "Novi Sad SRB"]
[Date "2016.11.11"]
[Round "6.27"]
[Board "3"]
[White "Gundogan, Sinem Cagla"]
[Black "Pedersen, Nicolai Vesterbaek"]
[Result "0-1"]
[WhiteTitle "WCM"]
[BlackTitle "IM"]
[WhiteElo "1952"]
[BlackElo "2377"]
[WhiteTeam "Hatay Metropolitan"]
[BlackTeam "Nordea Skanderborg"]
[WhiteFideId "6325378"]
[BlackFideId "1402340"]
[EventDate "2016.11.06"]

1. e4 e6 2. d3 d5 3. Nd2 c5 4. g3 Bd6 5. Bg2 Ne7 6. Ngf3 Nbc6 7. O-O O-O 8. Re1
Bc7 9. c3 Ng6 10. h4 Nge5 11. Nxe5 Nxe5 12. Nf3 dxe4 13. Nxe5 Bxe5 14. Bxe4 Bd6
15. Be3 f5 16. Bg5 Qc7 17. Bg2 f4 18. Qh5 g6 19. Qh6 Rf5 20. g4 Bf8 21. gxf5
Bxh6 22. Bxh6 gxf5 23. Bf3 Kf7 24. Kh2 Kg6 25. Bf8 Qd8 26. Rg1+ Kf7 27. Bxc5
Qxh4+ 28. Kg2 Bd7 29. Rh1 Qg5+ 30. Kf1 Rg8 31. Rxh7+ Rg7 32. Rxg7+ Qxg7 33. Bxa7
Qe5 34. Bd4 Qd6 35. Re1 Qc6 36. c4 Qd6 37. Bc3 Qxd3+ 38. Kg2 Ba4 39. Rh1 Bc6 40.
Rh7+ Kg6 41. Rg7+ Kh6 42. Bxc6 bxc6 43. Rg8 e5 44. Re8 f3+ 45. Kg3 Qe4 46. Rg8
Kh7 0-1

[Event "32nd ECC Open 2016"]
[Site "Novi Sad SRB"]
[Date "2016.11.11"]
[Round "6.27"]
[Board "4"]
[White "Grove, Peter"]
[Black "Yildiz, Ozan"]
[Result "1-0"]
[WhiteElo "2170"]
[BlackElo "1733"]
[WhiteTeam "Nordea Skanderborg"]
[BlackTeam "Hatay Metropolitan"]
[WhiteFideId "1411101"]
[BlackFideId "6323022"]
[EventDate "2016.11.06"]

1. e4 c5 2. Nf3 d6 3. Bb5+ Bd7 4. Bxd7+ Qxd7 5. O-O Nc6 6. c3 g6 7. d4 cxd4 8.
cxd4 Bg7 9. Nc3 e6 10. Bf4 a6 11. d5 Ne5 12. Bxe5 Bxe5 13. Nxe5 dxe5 14. dxe6
fxe6 15. Qb3 Nf6 16. Rfd1 Qc6 17. Qb4 Kf7 18. Rd6 Qc7 19. Rad1 b5 20. f4 Rhd8
21. fxe5 Ng4 22. Qd4 Rxd6 23. exd6 Qa7 24. Qxa7+ Rxa7 25. d7 1-0